Statistics for Movies By 1 Actor and 1 Actress - Julia Roberts Edition

Click here to take the quiz!

General Stats

  • This quiz has been taken 13 times
  • The average score is 11 of 26

Answer Stats

CastMovie% Correct
Richard Gere, Amy YasbeckPretty Woman
100%
Matt Damon, Holly Marie CombsOcean's Eleven
85%
Lili Taylor, Vincent D'OnofrioMystic Pizza
77%
Hugh Grant, Emma ChambersNotting Hill
77%
Dermot Mulroney, Cameron DiazMy Best Friend's Wedding
69%
Richard Gere, Rita WilsonRunaway Bride
62%
Javier Bardem, Viola DavisEat Pray Love
54%
Tom Hanks, Amy AdamsCharlie Wilson's War
46%
Tom Hanks, Pam GrierLarry Crowne
46%
Denzel Washington, Cynthia NixonThe Pelican Brief
46%
George Clooney, Kaitlyn DeverTicket To Paradise
46%
Robin Williams, Maggie SmithHook
38%
Sally Field, Sam ShepardSteel Magnolias
38%
Owen Wilson, Mandy PatinkinWonder
38%
Meryl Streep, Ewan McGregorAugust: Osage Country
31%
Kevin Bacon, Hope DavisFlatliners
31%
Lucas Hedges, Kathryn NewtonBen Is Back
23%
Dakota Fanning, Steve BuscemiCharlotte's Web
23%
Sam Rockwell, Drew BarrymoreConfessions of a Dangerous Mind
23%
John Malkovich, Linda BassettMary Reilly
23%
George Clooney, Caitriona BalfeMoney Monster
23%
Jennifer Aniston, Timothy OlyphantMother's Day
23%
Nicolas Cage, Meryl StreepThe Ant Bully
23%
Vincent D'Onofrio, Ellen BurstynDying Young
15%
Nick Nolte, Marsha MasonI Love Trouble
15%
Michelle Rodriguez, Danny PudiSmurfs: The Lost Village
15%

Score Distribution

Percentile by Number Answered

Percent of People with Each Score

Your Score History

You have not taken this quiz